Exclusión social, género, y estrategia contra la pobreza: un cuestionamiento sobre métodos y prioridades del gobierno de Chile /
Guardado en:
| Hovedforfatter: | |
|---|---|
| Format: | Texto |
| Udgivet: |
San José:
FLACSO. Sede
|
| Fag: | |
| Tags: |
Tilføj Tag
Ingen Tags, Vær først til at tagge denne postø!
|
MARC
| LEADER | 00000 a a2200000 04500 | ||
|---|---|---|---|
| 001 | 45597 | ||
| 003 | |||
| 040 | |||
| 020 | |a 9977-68-110-4 | ||
| 090 | |a 05.03.03 G121e | ||
| 100 | |a Clert, Carine | ||
| 245 | |a Exclusión social, género, y estrategia contra la pobreza: |b un cuestionamiento sobre métodos y prioridades del gobierno de Chile / |c Carine Clert | ||
| 260 | |a San José: |b FLACSO. Sede | ||
| 650 | |a POBREZA | ||
| 650 | |a MUJERES | ||
| 650 | |a POLITICA SOCIAL | ||
| 650 | |a DESIGUALDAD SOCIAL | ||
| 650 | |a EXCLUSION SOCIAL | ||
| 650 | |a MARGINALIDAD | ||
| 650 | |a MERCADO DE TRABAJO | ||
| 650 | |a DESEMPLEO | ||
| 773 | |g páginas 251-298 | ||
| 999 | |c 34284 |d 34284 | ||



